Normal view
MARC view
Entry Personal Name
001 - CONTROL NUMBER
- control field: 1114995
003 - CONTROL NUMBER IDENTIFIER
- control field: OSt
005 - DATE AND TIME OF LATEST TRANSACTION
- control field: 20260211111108.0
008 - FIXED-LENGTH DATA ELEMENTS
- fixed length control field: 260211|| aca||aabn | a|a d
040 ## - CATALOGING SOURCE
- Original cataloging agency: OSt
- Transcribing agency: OSt
100 ## - HEADING--PERSONAL NAME
- Personal name: द्विवेदी, पृथ्वीनाथ
670 ## - SOURCE DATA FOUND
- Source citation: Work cat.: (OSt)1679214: द्विवेदी, हजारीप्रसाद 1114992, नाट्यशास्त्र की भारतीय परंपरा और दशरूपक:, 2019.
